Statistics for Multiple Choice General Knowledge #1

Click here to take the quiz!

General Stats

  • This quiz has been taken 78,995 times
  • The average score is 8 of 16

Answer Stats

Question Answer % Correct
How did Spider-Man get his powers?Bitten by a radioactive spider
73%
How many holes are on a standard bowling ball?3
72%
How many rings are on the Olympic flag?5
71%
What are the main colors on the flag of Spain?Red and yellow
64%
Which of these animals does NOT appear in the Chinese zodiac?Bear
57%
Are giant pandas a type of bear?Yes
52%
Would a Catholic living in the United States ever celebrate Easter in May?No
51%
What is the longest that an elephant has ever lived? (That we know of)86 years
50%
In darts, what's the most points you can score with a single throw?60
48%
Who are known as Brahmins?Members of India's highest caste
47%
What is a pomelo?The largest citrus fruit
47%
In the nursery rhyme, how many blackbirds were baked in a pie?24
41%
Who killed Greedo?Han Solo
35%
What is a tarsier?A primate
29%
How many points is the letter X worth in English-language Scrabble?8
28%
What is the name of this symbol: ΒΆPilcrow
27%

Score Distribution

Percentile by Number Answered

Percent of People with Each Score

Your Score History

You have not taken this quiz